000 00543nam a2200181Ia 4500
003 OSt
005 20241007103411.0
008 210210b1959 xxu||||| |||| 00| 0 eng d
040 _cAL
041 _akan
082 _a859/889
100 _aNARASIMHAMURTI PUTTURU
_9145276
_d ನರಸಿಂಹಮೂರ್ತಿ ಪುತ್ತೂರು
245 _aChitranayaki:
_bಚಿತ್ರನಾಯಕಿ
260 _aBengaluru
_bMa Na Murti Smaraka Granthamala
_c1959
690 _aKannada Fiction
_9145277
906 _a021649
942 _2ddc
_cBK
999 _c145743
_d145743